Ensayos : una experiencia intuitiva del límite /
Guardado en:
| Autor principal: | |
|---|---|
| Formato: | Electrónico eBook |
| Lenguaje: | español |
| Publicado: |
Popayán, Colombia :
Editorial Universidad del Cauca,
2024.
|
| Edición: | Primera edición en español. |
| Materias: | |
| Acceso en línea: | Digitalia Hispánica |
| Etiquetas: |
Agregar Etiqueta
Sin Etiquetas, Sea el primero en etiquetar este registro!
|
MARC
| LEADER | 00000nam a2200000Ii 4500 | ||
|---|---|---|---|
| 001 | DIGUCAUCA0180 | ||
| 003 | NyNyDIG | ||
| 006 | m o d | ||
| 007 | cr ||||||||||| | ||
| 008 | 250611s2024 ck a ob 000 e spa d | ||
| 035 | |a (OCoLC)1517287110 | ||
| 040 | |a DGITA |b eng |e rda |e pn |c DGITA | ||
| 020 | |a 9789587326802 |q digital | ||
| 020 | |z 9789587326796 |q impreso | ||
| 050 | 1 | 4 | |a PQ8179.H391 ebook |
| 100 | 1 | |a Hernández Barragán, Ernesto, |e author. | |
| 245 | 1 | 0 | |a Ensayos : |b una experiencia intuitiva del límite / |c Ernesto Hernández Barragán. |
| 250 | |a Primera edición en español. | ||
| 264 | 1 | |a Popayán, Colombia : |b Editorial Universidad del Cauca, |c 2024. | |
| 300 | |a 1 online resource : |b illustrations. | ||
| 336 | |a text |b txt |2 rdacontent | ||
| 337 | |a computer |b c |2 rdamedia | ||
| 338 | |a online resource |b cr |2 rdacarrier | ||
| 347 | |a text file |2 rdaft | ||
| 347 | |b PDF | ||
| 504 | |a Includes bibliographical references. | ||
| 588 | 0 | |a Online resource; title from PDF title page (Digitalia, viewed June 11, 2025) | |
| 655 | 7 | |a Essays. |2 lcgft | |
| 776 | 0 | 8 | |i Print version: |a Hernández Barragán, Ernesto. |t Ensayos. |b Primera edición en español. |d Popayán, Colombia : Editorial Universidad del Cauca, 2024 |z 9789587326796 |
| 791 | 2 | |a Digitalia (Firm), |e distributor. | |
| 793 | 0 | |g Digitalia eBook Collection: |a Editorial Universidad del Cauca | |
| 856 | 4 | 0 | |3 Digitalia Hispánica |u https://digitalia.unach.elogim.com/a/173804/ |
| 910 | |a Premium collection: 2025 | ||